| 000 | 00940cam a2200217 i 4500 | ||
|---|---|---|---|
| 999 |
_c639 _d639 |
||
| 008 | 121026s2012 enka l i000 0 eng | ||
| 020 | _a9789280115482 | ||
| 040 | _beng | ||
| 082 | 0 | 0 |
_a363.37 _bI339 |
| 110 | 2 | _aInternational Maritime Organization. | |
| 240 | 1 | 0 | _aInternational code for application of fire test procedures, 2010 |
| 245 | 1 | 0 |
_aFTP Code _bInternational code for application of fire test procedures, 2010 : (Resolution MSC.307(88)). _cby International Maritime Organization. |
| 250 | _a2012 edition. | ||
| 260 |
_aLondon _bInternational Maritime Organization. _c2012 |
||
| 300 |
_avi, 271 pages : _billustrations ; _c24 cm |
||
| 500 | _a"Sales number: IC844E"-- Verso of title page. | ||
| 650 | 0 |
_aShips _xFires and fire prevention _xLaw and legislation. |
|
| 710 | 2 |
_aInternational Maritime Organization. _bMaritime Safety Committee. |
|
| 856 | 4 | 1 | _uhttp://www.loc.gov/catdir/toc/fy13pdf01/2012494447.html |
| 942 |
_2ddc _cBK |
||